Lift-off ! / (Record no. 4028)

MARC details
000 -LEADER
fixed length control field 00883nam a22002897a 4500
001 - CONTROL NUMBER
control field 4028
003 - CONTROL NUMBER IDENTIFIER
control field FISKH
005 - DATE AND TIME OF LATEST TRANSACTION
control field 20240531150211.0
008 - FIXED-LENGTH DATA ELEMENTS--GENERAL INFORMATION
fixed length control field 240531b cb ||||| |||| 00| 0 eng d
020 ## - INTERNATIONAL STANDARD BOOK NUMBER
International Standard Book Number 9780478029291
040 ## - CATALOGING SOURCE
Original cataloging agency FISKH
Language of cataloging eng
Transcribing agency FISKH
Modifying agency FISKH
Description conventions FISKH
050 ## - LIBRARY OF CONGRESS CALL NUMBER
Classification number PZ7
082 ## - DEWEY DECIMAL CLASSIFICATION NUMBER
Classification number 509.22
100 ## - MAIN ENTRY--PERSONAL NAME
Personal name Noonan, Diana
245 ## - TITLE STATEMENT
Title Lift-off ! /
Statement of responsibility, etc. By Diana Noonan ; Illustrated by Scott Kennedy
260 ## - PUBLICATION, DISTRIBUTION, ETC.
Place of publication, distribution, etc. Wellington :
Name of publisher, distributor, etc. Learning Media Limited,
Date of publication, distribution, etc. 1996
300 ## - PHYSICAL DESCRIPTION
Extent 16 unnumbered pages :
Other physical details color illustrations ;
Dimensions 24 cm
490 ## - SERIES STATEMENT
Series statement Reading Science
505 ## - FORMATTED CONTENTS NOTE
Formatted contents note A <br/>
520 ## - SUMMARY, ETC.
Summary, etc. Go on a journey to space and explore a galaxy of reading with Lift Off!
521 8# - TARGET AUDIENCE NOTE
Target audience note 30 <br/>
Source Lexile AD<br/>
521 8# - TARGET AUDIENCE NOTE
Target audience note A<br/>
Source Raz-Plus<br/>
650 ## - SUBJECT ADDED ENTRY--TOPICAL TERM
Topical term or geographic name entry element Landing
Form subdivision Science
General subdivision Space
700 ## - ADDED ENTRY--PERSONAL NAME
Personal name Kennedy, Scott
Relator term illustrator
942 ## - ADDED ENTRY ELEMENTS (KOHA)
Source of classification or shelving scheme Dewey Decimal Classification
Koha item type Books
Suppress in OPAC No
Holdings
Withdrawn status Lost status Source of classification or shelving scheme Damaged status Not for loan Collection Home library Current library Shelving location Date acquired Total Checkouts Full call number Barcode Date last seen Price effective from Koha item type
    Dewey Decimal Classification     Non-Fiction Footprints International School Library Network Toul Kork Campus Footprints International School Library Network Toul Kork Campus TK Primary Library Room(4th Floor), Bookcase 7, Shelves 57-60, Dark Green Books 05/31/2024   NOO 509.22 PZ7 FISBK05906 05/31/2024 05/31/2024 Books